00543nam a2200169 a 450000500170000000800410001702000180005810000210007624500350009726000320013230000090016452001010017365000310027465000220030565000250032770000210035220140310182410.0130829s19uu xx 00 eng d a9780805063714 aLola M Schaefer; aArrowhawk /cLola M. Schaefer. aNew York :bH. Holt,c2004. a2004 a Based on the true story of a bird of prey's survival after being struck by a poacher's arrow. aHawks -- Juvenile fiction. aHawks -- Fiction. aPoaching -- Fiction. aGabi Swiatkowska